[Event "Sparkassen-Open A"]
[Site "Heusenstamm, Martinsee"]
[Date "2015.11.29"]
[Round "7.18"]
[White "Weise, Martin"]
[Black "Westphal, Norbert"]
[Result "1-0"]
[WhiteElo "2155"]
[BlackElo "1987"]
[PlyCount "91"]
[EventDate "2015.??.??"]
[WhiteTeam "SC Fulda"]
[BlackTeam "BSV Chemie Radebeul"]

1. b3 b6 2. Bb2 c5 3. e3 Bb7 4. Nf3 e6 5. d4 Nf6 6. Bd3 cxd4 7. exd4 Bb4+ 8. c3
Be7 9. O-O O-O 10. c4 d5 11. Qe2 Nc6 12. a3 Na5 13. Nbd2 Rc8 14. Ne5 Re8 15.
Rfd1 Nc6 16. Ndf3 Nxe5 17. dxe5 Nd7 18. Rac1 Rc7 19. Nd4 a6 20. Rc3 g6 21. b4
Bf8 22. Rdc1 dxc4 23. Bxc4 Qg5 24. f4 Qxf4 25. Nxe6 Rxe6 26. Bxe6 Rxc3 27. Rxc3
fxe6 28. Rc7 Bc5+ 29. bxc5 Nxc5 30. Qf2 Qxf2+ 31. Kxf2 Bd5 32. Bd4 Na4 33. g4
h6 34. h4 h5 35. gxh5 gxh5 36. Ke3 a5 37. Kf4 Kh8 38. Kg5 Nc5 39. Bxc5 bxc5 40.
Rxc5 a4 41. Rc8+ Kg7 42. Rc7+ Kh8 43. Kxh5 Kg8 44. Kg6 Kf8 45. Kf6 Kg8 46. Re7
1-0

[Event "Sparkassen-Open A"]
[Site "Heusenstamm, Martinsee"]
[Date "2015.11.29"]
[Round "7.19"]
[White "Weichhold, Pawel"]
[Black "Eichner, Christian"]
[Result "1-0"]
[WhiteElo "2413"]
[BlackElo "2051"]
[PlyCount "81"]
[EventDate "2015.??.??"]
[WhiteTeam "SC Heusenstamm"]
[BlackTeam "SV TuR Dresden"]

1. e4 e5 2. Nf3 Nc6 3. Bb5 a6 4. Ba4 Nf6 5. O-O Be7 6. Re1 b5 7. Bb3 O-O 8. c3
d6 9. d4 Bg4 10. Be3 Na5 11. Bc2 c5 12. Nbd2 Nc6 13. d5 Nb8 14. h3 Bh5 15. Nf1
Nbd7 16. g4 Nxg4 17. hxg4 Bxg4 18. N1h2 Bh5 19. Kh1 Nb6 20. Rg1 Qd7 21. Bd3 Nc4
22. Bxc4 bxc4 23. Nxe5 Qh3 24. Neg4 f5 25. exf5 Rxf5 26. Rg3 Qh4 27. Nh6+ Kh8
28. Nxf5 Qe4+ 29. Rf3 Rf8 30. Ng3 Bxf3+ 31. Qxf3 Qxf3+ 32. Nxf3 Rxf3 33. b4
cxb4 34. cxb4 Rf8 35. Rc1 Rc8 36. Nf5 Bf8 37. Bd4 h5 38. a4 Kh7 39. b5 axb5 40.
axb5 g6 41. Ne3 1-0

[Event "Sparkassen-Open A"]
[Site "Heusenstamm, Martinsee"]
[Date "2015.11.29"]
[Round "7.20"]
[White "Solonar, Stefan"]
[Black "Werner, Dimo"]
[Result "1-0"]
[WhiteElo "2341"]
[BlackElo "2052"]
[PlyCount "63"]
[EventDate "2015.??.??"]
[WhiteTeam "SC Heusenstamm"]
[BlackTeam "TSV Schott Mainz"]

1. c4 Nf6 2. Nc3 g6 3. e4 d6 4. d4 Bg7 5. Nf3 O-O 6. Be2 Nbd7 7. O-O e5 8. Qc2
exd4 9. Nxd4 Re8 10. Rd1 Nc5 11. f3 Bd7 12. Be3 a5 13. Ndb5 b6 14. Qd2 Qc8 15.
Rab1 Nh5 16. Nd5 Bxb5 17. cxb5 Ra7 18. Bg5 Ne6 19. g4 Nxg5 20. Qxg5 h6 21. Qh4
Nf4 22. Nxf4 g5 23. Qh5 gxf4 24. Bc4 Qd7 25. Rd5 Re5 26. Rxe5 dxe5 27. Bb3 c5
28. Rd1 Qe7 29. Qf5 Rc7 30. Bc4 Qf6 31. Qxf6 Bxf6 32. Rd6 1-0

[Event "Sparkassen-Open A"]
[Site "Heusenstamm, Martinsee"]
[Date "2015.11.29"]
[Round "7.21"]
[White "Konik, Michael"]
[Black "Klundt, Klaus"]
[Result "1-0"]
[WhiteElo "2049"]
[BlackElo "2320"]
[PlyCount "131"]
[EventDate "2015.??.??"]
[WhiteTeam "SK Mainaschaff"]
[BlackTeam "SC Heusenstamm"]

1. e4 c5 2. Nc3 Nc6 3. Bb5 Nd4 4. Bc4 e6 5. Nge2 Ne7 6. O-O Nec6 7. d3 Be7 8.
Nxd4 cxd4 9. Ne2 O-O 10. Ng3 Na5 11. Bb3 d5 12. e5 Qc7 13. Bf4 Bd7 14. Nh5 Nxb3
15. cxb3 Kh8 16. Rc1 Qa5 17. Qg4 Rg8 18. a3 Bc6 19. b4 Qb5 20. Rfd1 a5 21. bxa5
Qxb2 22. Rb1 Qxa3 23. Ra1 Qb3 24. Qg3 Qb5 25. Bd2 Bd8 26. Rdb1 Qa6 27. h3 Bb5
28. Rb3 Qc6 29. Rc1 Qd7 30. Bb4 Qe8 31. Bd6 Bc6 32. Ra1 Rxa5 33. Rxa5 Bxa5 34.
Ra3 Bd2 35. Qh4 Bh6 36. g4 Bc1 37. Ra1 Bd2 38. Ra2 Bc3 39. Be7 f5 40. Nf6 Qg6
41. Nxg8 Kxg8 42. Ra8+ Be8 43. Bd6 fxg4 44. Qxg4 Qxg4+ 45. hxg4 Kf7 46. Rb8 Bc6
47. Rc8 Kg6 48. f4 Bd2 49. Rf8 Bd7 50. Kg2 h5 51. gxh5+ Kxh5 52. Rf7 Bb5 53. f5
exf5 54. Rxb7 Bxd3 55. e6 Be4+ 56. Kh2 f4 57. Rxg7 Bg6 58. e7 Be8 59. Rg8 Bb5
60. e8=Q+ Bxe8 61. Rxe8 Be3 62. Kh3 d3 63. Re5+ Kg6 64. Rxd5 Kf6 65. Kg4 d2 66.
Bxf4 1-0

[Event "Sparkassen-Open A"]
[Site "Heusenstamm, Martinsee"]
[Date "2015.11.29"]
[Round "7.22"]
[White "Trumpp, Lothar"]
[Black "Hankel, Dennis"]
[Result "1-0"]
[WhiteElo "2049"]
[BlackElo "2180"]
[PlyCount "73"]
[EventDate "2015.??.??"]
[WhiteTeam "VSG Offenbach"]
[BlackTeam "SF Neuberg"]

1. Nc3 Nf6 2. e4 e5 3. Nf3 Nc6 4. d4 exd4 5. Nd5 Be7 6. Nxd4 Nxd5 7. exd5 Nxd4
8. Qxd4 O-O 9. Be3 Bf6 10. Qb4 a5 11. Qb3 d6 12. Bd3 c6 13. c3 g6 14. a4 Bg5
15. Bxg5 Qxg5 16. O-O cxd5 17. f4 Qf6 18. f5 gxf5 19. Qxd5 Be6 20. Qf3 Rfe8 21.
Rae1 Bd7 22. Qxb7 Bxa4 23. Bxf5 Kg7 24. Rxe8 Rxe8 25. Bc2 Qxf1+ 26. Kxf1 Bxc2
27. Qb5 Re5 28. Qc4 a4 29. Qd4 Bb3 30. Qxd6 Re4 31. Kf2 f5 32. g3 h6 33. Qc6
Bf7 34. Qd7 Kf6 35. h3 Bb3 36. Qh7 Kg5 37. h4+ 1-0

[Event "Sparkassen-Open A"]
[Site "Heusenstamm, Martinsee"]
[Date "2015.11.29"]
[Round "7.24"]
[White "Rolf, Marco"]
[Black "Henrich, David"]
[Result "0-1"]
[WhiteElo "2023"]
[BlackElo "2140"]
[PlyCount "50"]
[EventDate "2015.??.??"]
[WhiteTeam "SK Bad Homburg"]
[BlackTeam "SK Niederbrechen"]

1. d4 d6 2. c4 g6 3. Nc3 Bg7 4. e4 Nc6 5. Be3 e5 6. d5 Nd4 7. Nge2 Nxe2 8. Bxe2
b6 9. b4 f5 10. f3 Bh6 11. Bf2 a5 12. a3 Nf6 13. c5 axb4 14. axb4 Rxa1 15. Qxa1
bxc5 16. bxc5 fxe4 17. fxe4 O-O 18. Qa5 Ng4 19. Bxg4 Bxg4 20. Rf1 Qg5 21. Ne2
Bxe2 22. Kxe2 Qg4+ 23. Kd3 Qxg2 24. Qe1 Qf3+ 25. Kc2 Rb8 0-1

[Event "Sparkassen-Open A"]
[Site "Heusenstamm, Martinsee"]
[Date "2015.11.29"]
[Round "7.25"]
[White "Poghosyan, Tigran"]
[Black "Euler, Stephan"]
[Result "1-0"]
[WhiteElo "2120"]
[BlackElo "2046"]
[PlyCount "63"]
[EventDate "2015.??.??"]
[WhiteTeam "Lübecker SV"]
[BlackTeam "SC Ladja Roßdorf"]

1. e4 d5 2. exd5 Qxd5 3. d4 Nc6 4. Nf3 Bg4 5. Be2 O-O-O 6. c3 e5 7. c4 Qa5+ 8.
Bd2 Bb4 9. d5 Bxf3 10. Bxf3 Nd4 11. Nc3 Qc5 12. b3 f5 13. O-O Nf6 14. Na4 Qd6
15. Be3 Nxf3+ 16. Qxf3 g6 17. a3 Bxa3 18. c5 Qxd5 19. Qxd5 Nxd5 20. Rxa3 Nxe3
21. fxe3 Rd3 22. c6 Rd5 23. Nc3 Rdd8 24. Rxa7 bxc6 25. Rfa1 Kd7 26. Na4 Rb8 27.
Rd1+ Kc8 28. Rc1 Rxb3 29. Rxc6 Rb7 30. Nb6+ Rxb6 31. Rxb6 cxb6 32. Ra8+ 1-0

[Event "Sparkassen-Open A"]
[Site "Heusenstamm, Martinsee"]
[Date "2015.11.29"]
[Round "7.26"]
[White "Köllner, Christof"]
[Black "Harringer, Manfred"]
[Result "1-0"]
[WhiteElo "2118"]
[BlackElo "1995"]
[PlyCount "41"]
[EventDate "2015.??.??"]
[WhiteTeam "SV Bergneustadt/Derschlag"]
[BlackTeam "Bergische SF"]

1. d4 Nf6 2. Nf3 e6 3. Nbd2 d5 4. e3 Be7 5. Bd3 O-O 6. O-O b6 7. e4 dxe4 8.
Nxe4 Bb7 9. Nxf6+ Bxf6 10. c3 c5 11. dxc5 bxc5 12. Qe2 Qc7 13. Ng5 g6 14. Ne4
Bg7 15. Bg5 Nd7 16. Be7 Rfe8 17. Bh4 Rac8 18. Bb5 Bxe4 19. Qxe4 f6 20. Bg3 e5
21. Qd5+ 1-0

[Event "Sparkassen-Open A"]
[Site "Heusenstamm, Martinsee"]
[Date "2015.11.29"]
[Round "7.27"]
[White "Mährlein, Christoph"]
[Black "Köllner, Ruben Gideon"]
[Result "0-1"]
[WhiteElo "2106"]
[BlackElo "1985"]
[PlyCount "120"]
[EventDate "2015.??.??"]
[WhiteTeam "SC Pforzheim"]
[BlackTeam "SV Bergneustadt/Derschlag"]

1. d4 Nf6 2. c4 d6 3. Nc3 Nbd7 4. e4 e5 5. f3 Be7 6. Be3 c6 7. Nge2 O-O 8. Ng3
a6 9. Nf5 b5 10. a3 Re8 11. dxe5 dxe5 12. Nxe7+ Qxe7 13. Be2 Nf8 14. O-O Rd8
15. Qc2 Ne6 16. cxb5 cxb5 17. Rfd1 Nd4 18. Bxd4 exd4 19. Na2 Be6 20. Nb4 Rac8
21. Qd2 Bc4 22. Bd3 Qa7 23. a4 Qb7 24. axb5 axb5 25. Ra3 Nd7 26. Rda1 Ne5 27.
Ra7 Qb8 28. f4 Nxd3 29. Nxd3 Bxd3 30. Qxd3 Qxf4 31. Rf1 Qe3+ 32. Qxe3 dxe3 33.
Ra3 Rd2 34. Rxe3 Rxb2 35. Rd1 g6 36. Rde1 Rcc2 37. Rg3 b4 38. h4 Re2 39. Ra1 b3
40. Ra8+ Kg7 41. Rb8 Rb1+ 42. Kh2 Rxe4 43. Rgxb3 Rxb3 44. Rxb3 Rxh4+ 45. Kg3
Ra4 46. Rb5 h5 47. Rc5 f6 48. Rb5 g5 49. Rc5 Kg6 50. Rc6 h4+ 51. Kh3 Ra3+ 52.
Kh2 g4 53. Rc4 Kg5 54. Rc5+ f5 55. Rc8 h3 56. gxh3 Rxh3+ 57. Kg2 Ra3 58. Rg8+
Kf4 59. Rb8 Ra2+ 60. Kg1 g3 0-1

[Event "Sparkassen-Open A"]
[Site "Heusenstamm, Martinsee"]
[Date "2015.11.29"]
[Round "7.28"]
[White "Dickmann, Thomas"]
[Black "Tornay Gomez, Josu"]
[Result "0-1"]
[WhiteElo "2013"]
[BlackElo "2100"]
[PlyCount "54"]
[EventDate "2015.??.??"]
[WhiteTeam "SV Wesel"]
[BlackTeam "SC Herborn"]

1. e4 c5 2. c3 g6 3. d4 cxd4 4. cxd4 d5 5. exd5 Nf6 6. Nc3 Bg7 7. Bc4 O-O 8.
Nf3 Nbd7 9. d6 exd6 10. O-O Nb6 11. Bb3 d5 12. Bg5 h6 13. Bf4 Bf5 14. Re1 a6
15. Ne5 Rc8 16. Rc1 Nc4 17. Na4 Nh5 18. Be3 b5 19. Nc5 Rxc5 20. dxc5 Nxe5 21.
Bxd5 Nd3 22. Bf3 Nxe1 23. Qxe1 Nf6 24. c6 Qc7 25. Qd2 g5 26. g3 Rd8 27. Qb4 Nd5
0-1

[Event "Sparkassen-Open A"]
[Site "Heusenstamm, Martinsee"]
[Date "2015.11.29"]
[Round "7.29"]
[White "Schultze, Jörg-Martin"]
[Black "Kreiling, Carsten"]
[Result "1/2-1/2"]
[WhiteElo "2005"]
[BlackElo "2081"]
[PlyCount "28"]
[EventDate "2015.??.??"]
[WhiteTeam "SF Anderssen Wetzlar"]
[BlackTeam "SVG Eppstein"]

1. d4 Nf6 2. c4 c5 3. Nf3 cxd4 4. Nxd4 g6 5. Nc3 Nc6 6. Nc2 Bg7 7. e4 d6 8. Be2
O-O 9. Be3 Bd7 10. O-O Qa5 11. f4 Rad8 12. Bf3 Qc7 13. Rc1 Qb8 14. Qe2 a6
1/2-1/2

[Event "Sparkassen-Open A"]
[Site "Heusenstamm, Martinsee"]
[Date "2015.11.29"]
[Round "7.30"]
[White "Stümer, Paul"]
[Black "Weil, Michael"]
[Result "1/2-1/2"]
[WhiteElo "2073"]
[BlackElo "1935"]
[PlyCount "26"]
[EventDate "2015.??.??"]
[WhiteTeam "SV Bergneustadt/Derschlag"]
[BlackTeam "SC Steinbach"]

1. Nf3 d5 2. c4 e6 3. g3 c6 4. Qc2 f5 5. b3 Nf6 6. Bg2 Bd6 7. O-O O-O 8. Ba3
Bxa3 9. Nxa3 Qe7 10. Qb2 a5 11. Rfc1 Nbd7 12. d3 Qd6 13. cxd5 exd5 1/2-1/2

[Event "Sparkassen-Open A"]
[Site "Heusenstamm, Martinsee"]
[Date "2015.11.29"]
[Round "7.31"]
[White "Schindelmeiser, Frank"]
[Black "Rosenberger, Frank"]
[Result "1/2-1/2"]
[WhiteElo "1931"]
[BlackElo "2070"]
[PlyCount "34"]
[EventDate "2015.??.??"]
[WhiteTeam "SV Oberursel"]
[BlackTeam "SK Gernsheim"]

1. c4 e6 2. g3 d5 3. Bg2 c6 4. Nf3 Nf6 5. O-O Nbd7 6. b3 Bd6 7. Bb2 O-O 8. d4
Re8 9. Nbd2 Qe7 10. Qc2 e5 11. cxd5 cxd5 12. dxe5 Nxe5 13. Nxe5 Bxe5 14. Bxe5
Qxe5 15. e3 Bf5 16. Qc5 b6 17. Qa3 Be4 1/2-1/2

[Event "Sparkassen-Open A"]
[Site "Heusenstamm, Martinsee"]
[Date "2015.11.29"]
[Round "7.32"]
[White "Budde, Michael"]
[Black "Weil, Volker"]
[Result "1/2-1/2"]
[WhiteElo "1903"]
[BlackElo "2065"]
[PlyCount "51"]
[EventDate "2015.??.??"]
[WhiteTeam "SC Flörsheim"]
[BlackTeam "SC Steinbach"]

1. d4 d6 2. Nf3 Nf6 3. g3 g6 4. Bg2 Bg7 5. O-O O-O 6. c4 c6 7. Nc3 Bf5 8. Nh4
Be6 9. b3 d5 10. Qd3 Na6 11. Ba3 Re8 12. Rad1 Qa5 13. cxd5 Nxd5 14. Nxd5 Bxd5
15. b4 Qd8 16. b5 cxb5 17. Qxb5 Nc7 18. Qa5 b6 19. Qd2 Nb5 20. Bb2 Rc8 21. a4
Bxg2 22. Nxg2 Nd6 23. Qd3 Nc4 24. Ba1 Qd7 25. Qb3 Na5 26. Qb5 1/2-1/2

[Event "Sparkassen-Open A"]
[Site "Heusenstamm, Martinsee"]
[Date "2015.11.29"]
[Round "7.33"]
[White "Kilthau, Peter"]
[Black "Pawelzik, Malte"]
[Result "0-1"]
[WhiteElo "1850"]
[BlackElo "2056"]
[PlyCount "52"]
[EventDate "2015.??.??"]
[WhiteTeam "SK Mannheim"]
[BlackTeam "SC Garching"]

1. e4 e6 2. d4 d5 3. Nc3 Bb4 4. exd5 exd5 5. Bd2 Nc6 6. a3 Ba5 7. Bb5 Nge7 8.
Nge2 Bf5 9. O-O a6 10. Ba4 b5 11. Bb3 Bb6 12. Be3 Na5 13. Ng3 Nxb3 14. cxb3 Bg6
15. Re1 c6 16. b4 Qd7 17. h4 h5 18. Qd2 Qg4 19. Re2 O-O 20. Bf4 Nf5 21. Nxf5
Bxf5 22. Re5 f6 23. f3 Bxd4+ 24. Qxd4 fxe5 25. Qxe5 Qxh4 26. Bg3 Qf6 0-1

[Event "Sparkassen-Open A"]
[Site "Heusenstamm, Martinsee"]
[Date "2015.11.29"]
[Round "7.34"]
[White "Promyshlyanskyy, Vitaliy"]
[Black "Papadopoulos, Ioannis"]
[Result "1-0"]
[WhiteElo "2245"]
[BlackElo "1656"]
[PlyCount "63"]
[EventDate "2015.??.??"]
[WhiteTeam "SC Noris-Tarrasch Nürnberg"]
[BlackTeam "SV Oberursel"]

1. e4 e5 2. Nf3 Nc6 3. Bb5 a6 4. Ba4 Nf6 5. Qe2 b5 6. Bb3 d6 7. c3 Be7 8. O-O
O-O 9. Rd1 Bg4 10. h3 Bh5 11. d3 Re8 12. Nbd2 Na5 13. Bc2 c5 14. Nf1 Rb8 15.
Bd2 Qb6 16. Ne3 Bg6 17. Nh4 Rec8 18. Be1 Nh5 19. Nhf5 Bf8 20. Nd5 Qb7 21. Nfe3
Nc6 22. g4 Nf6 23. h4 h6 24. Nxf6+ gxf6 25. Nd5 Be7 26. h5 Bh7 27. Bd2 Kg7 28.
Qe3 Qd7 29. Qxh6+ Kg8 30. Kh1 Qxg4 31. Rg1 Kh8 32. Rxg4 1-0

[Event "Sparkassen-Open A"]
[Site "Heusenstamm, Martinsee"]
[Date "2015.11.29"]
[Round "7.35"]
[White "Pfeffer, Marko"]
[Black "Modric, Vladimir"]
[Result "1/2-1/2"]
[WhiteElo "2091"]
[BlackElo "1945"]
[PlyCount "30"]
[EventDate "2015.??.??"]
[WhiteTeam "SC Bergen-Enkheim"]
[BlackTeam "SC Nied"]

1. e4 e6 2. b3 d5 3. Bb2 dxe4 4. Nc3 Nf6 5. Qe2 Be7 6. O-O-O Bd7 7. g4 Bc6 8.
Bg2 Qd7 9. Nh3 Na6 10. g5 Nd5 11. Bxe4 O-O-O 12. Rhg1 Nc5 13. f3 Bd6 14. d4 Na6
15. Kb1 Nab4 1/2-1/2

[Event "Sparkassen-Open A"]
[Site "Heusenstamm, Martinsee"]
[Date "2015.11.29"]
[Round "7.36"]
[White "Held, Carsten"]
[Black "Winand, Edgar"]
[Result "1-0"]
[WhiteElo "2065"]
[BlackElo "1922"]
[PlyCount "121"]
[EventDate "2015.??.??"]
[WhiteTeam "SC Ladja Roßdorf"]
[BlackTeam "SC Flörsheim"]

1. Nf3 d6 2. g3 g6 3. c4 Bg7 4. Nc3 c5 5. Bg2 Nc6 6. O-O e6 7. d3 Nge7 8. Bf4
O-O 9. Rb1 b6 10. Qd2 Bb7 11. a3 Nf5 12. b4 e5 13. Bg5 f6 14. Be3 Rb8 15. Ne1
Nxe3 16. Qxe3 f5 17. Qd2 Qd7 18. Nc2 f4 19. b5 Ne7 20. Bxb7 Qxb7 21. a4 h5 22.
e4 f3 23. Kh1 Qd7 24. Rg1 Kh7 25. Ne3 Bh6 26. Qe1 Bxe3 27. Qxe3 Qg4 28. Qe1 Kg7
29. Nd1 Rh8 30. Ne3 Qe6 31. a5 Ra8 32. Qd1 Qf7 33. Ra1 Rhb8 34. Qa4 Qe8 35. Qd1
Qf8 36. g4 hxg4 37. a6 Qh8 38. Rxg4 Rf8 39. Qg1 Qh3 40. Rg3 Qh5 41. Ng4 Rf4 42.
Ne3 Raf8 43. Re1 Kf6 44. Ng4+ Ke6 45. Re3 Rh8 46. Re1 Ng8 47. Ne3 Kf7 48. Rg5
Qh6 49. Nf1 Nf6 50. Re3 Nh7 51. Rg3 Qh5 52. Nd2 Nf6 53. Rexf3 Rh4 54. Nf1 Kg7
55. Rf5 Qh6 56. Rfg5 Qh5 57. Rxh5 R8xh5 58. Rxg6+ Kf7 59. Rg7+ Ke6 60. Qg6 Rg4
61. Qf7# 1-0

[Event "Sparkassen-Open A"]
[Site "Heusenstamm, Martinsee"]
[Date "2015.11.29"]
[Round "7.37"]
[White "Junker, Christian"]
[Black "Thomele, Michael"]
[Result "1/2-1/2"]
[WhiteElo "2016"]
[BlackElo "1919"]
[PlyCount "69"]
[EventDate "2015.??.??"]
[WhiteTeam "SV Neu-Isenburg"]
[BlackTeam "SC Obernau"]

1. Nf3 c5 2. g3 d6 3. d3 Nc6 4. Bg2 e6 5. e4 Be7 6. O-O Nf6 7. Re1 Qc7 8. c3 b6
9. a3 Bb7 10. b4 O-O 11. Bb2 Rad8 12. b5 Ne5 13. c4 Nxf3+ 14. Qxf3 e5 15. Nc3
a5 16. bxa6 Bxa6 17. Qe2 Bb7 18. Rf1 Bc6 19. f4 Rb8 20. a4 Ra8 21. Bh3 Bd7 22.
f5 Bc6 23. g4 h6 24. Bc1 Nh7 25. Bg2 Qd8 26. Be3 Ra6 27. Rfb1 Qd7 28. Nb5 Rfa8
29. Qc2 Bxb5 30. cxb5 R6a7 31. Ra2 Bg5 32. Bxg5 Nxg5 33. Rba1 Nh7 34. Qc4 Nf6
35. Bf3 1/2-1/2

[Event "Sparkassen-Open A"]
[Site "Heusenstamm, Martinsee"]
[Date "2015.11.29"]
[Round "7.38"]
[White "Calvi, Stefan"]
[Black "Eg, Karlheinz"]
[Result "1-0"]
[WhiteElo "2013"]
[BlackElo "1861"]
[PlyCount "33"]
[EventDate "2015.??.??"]
[WhiteTeam "SF Frankfurt"]
[BlackTeam "SV Rüsselsheim"]

1. e4 e5 2. d4 exd4 3. Nf3 Nc6 4. Nxd4 Bc5 5. Nb3 Bb6 6. Nc3 Qf6 7. Qe2 Nge7 8.
Be3 O-O 9. O-O-O Na5 10. Nd4 a6 11. h4 h6 12. g4 c5 13. g5 Qg6 14. h5 Qh7 15.
Nf3 Kh8 16. gxh6 gxh6 17. Rd6 1-0

[Event "Sparkassen-Open A"]
[Site "Heusenstamm, Martinsee"]
[Date "2015.11.29"]
[Round "7.39"]
[White "Lotz, Ralf"]
[Black "Küpper, Martin"]
[Result "1/2-1/2"]
[WhiteElo "1904"]
[BlackElo "2013"]
[PlyCount "93"]
[EventDate "2015.??.??"]
[WhiteTeam "SC Obertshausen"]
[BlackTeam "SC Fulda"]

1. d4 Nf6 2. c4 g6 3. Nc3 d5 4. Nf3 Bg7 5. cxd5 Nxd5 6. e4 Nxc3 7. bxc3 c5 8.
Bb5+ Bd7 9. Bxd7+ Qxd7 10. O-O O-O 11. Be3 cxd4 12. cxd4 Nc6 13. Rb1 Rfd8 14.
d5 Na5 15. Bd4 b6 16. Bxg7 Kxg7 17. Qd4+ Kg8 18. Rfd1 Rac8 19. Rbc1 Rc7 20. h3
Rdc8 21. Rxc7 Rxc7 22. e5 Rc2 23. Qh4 Rxa2 24. Qh6 f6 25. Rd4 Ra1+ 26. Kh2 Ra4
27. Rxa4 Qxa4 28. exf6 exf6 29. Qd2 Qd7 30. d6 Kg7 31. Qd5 Nb7 32. g3 a5 33.
Nd4 Nc5 34. Nc6 Qf5 35. Qd4 Nd7 36. Qe3 Ne5 37. Nxe5 fxe5 38. Qxb6 Kf7 39. Qa7+
Ke6 40. d7 Ke7 41. d8=Q+ Kxd8 42. Qxa5+ Ke7 43. Qb6 h5 44. h4 Kf7 45. Qc7+ Kf6
46. Qc6+ Ke7 47. Qc7+ 1/2-1/2

[Event "Sparkassen-Open A"]
[Site "Heusenstamm, Martinsee"]
[Date "2015.11.29"]
[Round "7.40"]
[White "Kropp, Volker"]
[Black "Deppe, Leo"]
[Result "1/2-1/2"]
[WhiteElo "2002"]
[BlackElo "1852"]
[PlyCount "29"]
[EventDate "2015.??.??"]
[WhiteTeam "SV Mainz-Mombach"]
[BlackTeam "SC Bad Soden"]

1. d4 Nf6 2. Nf3 g6 3. g3 Bg7 4. Bg2 d6 5. c4 O-O 6. Nc3 Nbd7 7. O-O c6 8. Qc2
Re8 9. b3 e5 10. dxe5 dxe5 11. Rd1 Qc7 12. e3 a5 13. Bb2 Nc5 14. Ba3 Bf5 15.
Qe2 1/2-1/2

[Event "Sparkassen-Open A"]
[Site "Heusenstamm, Martinsee"]
[Date "2015.11.29"]
[Round "7.41"]
[White "van den Hoff, Damien"]
[Black "Calder, Dennis"]
[Result "1-0"]
[WhiteElo "1836"]
[BlackElo "2000"]
[PlyCount "67"]
[EventDate "2015.??.??"]
[WhiteTeam "vereinslos"]
[BlackTeam "SC Bad Nauheim"]

1. e4 e5 2. Nf3 Nc6 3. d4 exd4 4. Nxd4 Nf6 5. Nxc6 bxc6 6. e5 Qe7 7. Qe2 Nd5 8.
c4 Ba6 9. Nd2 O-O-O 10. Qe4 Nb6 11. c5 Bxf1 12. cxb6 Ba6 13. bxa7 Kb7 14. Qe3
Qb4 15. a3 Qa5 16. b4 Bxb4 17. Rb1 Rhe8 18. Rxb4+ Ka8 19. f4 g5 20. Bb2 gxf4
21. Qxf4 Kxa7 22. Kd1 Rb8 23. Qf2+ Ka8 24. Qxf7 Rxb4 25. axb4 Qa4+ 26. Kc1 Rb8
27. Qxd7 Bc8 28. Qxc7 Qxb4 29. Qxc6+ Bb7 30. Qd6 Rc8+ 31. Kb1 Qb5 32. Re1 Rc6
33. Qd8+ Bc8 34. Rc1 1-0

[Event "Sparkassen-Open A"]
[Site "Heusenstamm, Martinsee"]
[Date "2015.11.29"]
[Round "7.42"]
[White "Schneider, Johannes"]
[Black "Berkes, Jörg"]
[Result "1/2-1/2"]
[WhiteElo "1998"]
[BlackElo "1789"]
[PlyCount "140"]
[EventDate "2015.??.??"]
[WhiteTeam "SV Mainz-Mombach"]
[BlackTeam "SK Langen"]

1. e4 e6 2. d4 d5 3. Nd2 h6 4. Bd3 c5 5. c3 Qb6 6. Ndf3 Nc6 7. Ne2 cxd4 8.
Nfxd4 Nxd4 9. Nxd4 Bc5 10. O-O dxe4 11. Bxe4 Nf6 12. Bf3 Bxd4 13. cxd4 O-O 14.
Qc2 Bd7 15. Be3 Rac8 16. Qb3 Bc6 17. Qxb6 axb6 18. Be2 Bd5 19. b3 Ra8 20. Rfc1
Ra7 21. Bc4 Rfa8 22. Rc2 b5 23. Bxd5 Nxd5 24. Bd2 b4 25. g3 Kh7 26. Kg2 Kg6 27.
Kf3 h5 28. h3 Ra3 29. Rb2 Rc8 30. Ke4 b5 31. Kd3 Kf5 32. f3 Ra7 33. Rc2 Rxc2
34. Kxc2 g5 35. g4+ hxg4 36. hxg4+ Kg6 37. Kb2 f5 38. Rh1 fxg4 39. fxg4 Rf7 40.
Re1 Nf4 41. Re3 Rh7 42. Bxb4 Rh2+ 43. Ka3 Rg2 44. Bd6 Rxg4 45. Bxf4 gxf4 46.
Rxe6+ Kf5 47. Re5+ Kf6 48. Rxb5 f3 49. Rb6+ Ke7 50. Rb7+ Ke6 51. Rb6+ Ke7 52.
Rb7+ Ke6 53. Rb6+ Kf5 54. Rb5+ Kf4 55. Rb8 Kg3 56. Rc8 Re4 57. Rc3 Rxd4 58. b4
Kf4 59. Ka4 f2 60. Rc1 Kf3 61. Rf1 Ke2 62. Rxf2+ Kxf2 63. Ka5 Rd2 64. a4 Ke3
65. Kb6 Rd4 66. Kc5 Rd1 67. a5 Ra1 68. Kb6 Kd4 69. a6 Kc4 70. b5 Rb1 1/2-1/2

[Event "Sparkassen-Open A"]
[Site "Heusenstamm, Martinsee"]
[Date "2015.11.29"]
[Round "7.43"]
[White "Theuer, Carsten"]
[Black "Mehringer, Jörg"]
[Result "1/2-1/2"]
[WhiteElo "1788"]
[BlackElo "1976"]
[PlyCount "33"]
[EventDate "2015.??.??"]
[WhiteTeam "VSG Offenbach"]
[BlackTeam "Schachpinguine Berlin"]

1. e4 e5 2. Nf3 Nc6 3. Bc4 Nf6 4. d3 Bc5 5. Nc3 h6 6. h3 O-O 7. O-O a6 8. a3 b5
9. Ba2 d6 10. b4 Ba7 11. Be3 Be6 12. Nd5 Bxd5 13. exd5 Ne7 14. c4 Qd7 15. Qd2
Qf5 16. Rac1 Rfc8 17. Bb1 1/2-1/2

[Event "Sparkassen-Open A"]
[Site "Heusenstamm, Martinsee"]
[Date "2015.11.29"]
[Round "7.44"]
[White "Rüll, Michael"]
[Black "Kuhn, Gerhard"]
[Result "1/2-1/2"]
[WhiteElo "1759"]
[BlackElo "1969"]
[PlyCount "62"]
[EventDate "2015.??.??"]
[WhiteTeam "SC Obertshausen"]
[BlackTeam "SK Marburg"]

1. d4 Nf6 2. Bf4 g6 3. e3 Bg7 4. Nf3 d5 5. Be2 O-O 6. h3 c5 7. c3 cxd4 8. exd4
Nc6 9. O-O Re8 10. Re1 Qb6 11. Qb3 Qxb3 12. axb3 a6 13. Nbd2 Bf5 14. b4 Ne4 15.
Nb3 h5 16. Na5 Nxa5 17. Rxa5 Red8 18. Rea1 Bc8 19. b5 Rd7 20. bxa6 bxa6 21. Bb5
Rda7 22. c4 dxc4 23. Bxc4 Nd6 24. Bxd6 exd6 25. b4 Bb7 26. Bd5 Bxd5 27. Rxd5
Rb7 28. Rxd6 Rxb4 29. Rdxa6 Rxa6 30. Rxa6 Bxd4 31. Nxd4 Rxd4 1/2-1/2

[Event "Sparkassen-Open A"]
[Site "Heusenstamm, Martinsee"]
[Date "2015.11.29"]
[Round "7.46"]
[White "Bethke, Richard"]
[Black "Cichy, Michael"]
[Result "1-0"]
[WhiteElo "1672"]
[BlackElo "1957"]
[PlyCount "101"]
[EventDate "2015.??.??"]
[WhiteTeam "SC Gelnhausen"]
[BlackTeam "SC BS Gliesmarode"]

1. e4 c5 2. Nf3 e6 3. d4 cxd4 4. Nxd4 Nc6 5. Nc3 Qc7 6. Ndb5 Qb8 7. Be3 a6 8.
Nd4 Qc7 9. Be2 Nf6 10. O-O Bb4 11. Bf3 Ne5 12. Bf4 Nxf3+ 13. Qxf3 e5 14. Qg3
Nh5 15. Nd5 Qc4 16. Qb3 Qxb3 17. Nxb3 Nxf4 18. Nc7+ Ke7 19. Nxa8 d5 20. Nb6
dxe4 21. c3 Bd6 22. Nxc8+ Rxc8 23. g3 Nd3 24. Rab1 f5 25. Rfd1 b6 26. f3 Nc5
27. Nxc5 Bxc5+ 28. Kg2 exf3+ 29. Kxf3 e4+ 30. Ke2 Ke6 31. Rd2 g5 32. Rbd1 f4
33. Rd8 f3+ 34. Ke1 Rc7 35. Rg8 Rf7 36. Rxg5 e3 37. Rg4 e2 38. Re4+ Kf5 39.
Rf4+ Kg6 40. Rd3 f2+ 41. Kxe2 Re7+ 42. Kd2 Re1 43. Rdf3 a5 44. a3 a4 45. Rxf2
Bxf2 46. Rxf2 Re6 47. Kd3 Re5 48. Kd4 Rc5 49. g4 Rb5 50. Kc4 Rg5 51. h3 1-0

[Event "Sparkassen-Open A"]
[Site "Heusenstamm, Martinsee"]
[Date "2015.11.29"]
[Round "7.47"]
[White "Bitzer, André"]
[Black "Wolff, Peter"]
[Result "0-1"]
[WhiteElo "1617"]
[BlackElo "1957"]
[PlyCount "64"]
[EventDate "2015.??.??"]
[WhiteTeam "SV Griesheim"]
[BlackTeam "VSG Offenbach"]

1. b3 d5 2. Bb2 Nf6 3. e3 Bg4 4. Be2 Bxe2 5. Qxe2 c6 6. f4 Nbd7 7. Nf3 e6 8.
O-O Be7 9. d3 O-O 10. Nbd2 Qb6 11. h3 Rad8 12. g4 Ne8 13. g5 Nd6 14. Kh2 f6 15.
e4 dxe4 16. Nxe4 Nxe4 17. Qxe4 Nc5 18. Qc4 Rd5 19. Ba3 Kf7 20. Rae1 Qb5 21.
Qxb5 cxb5 22. Bb2 Rdd8 23. b4 Na4 24. Bc1 Bxb4 25. Re4 Ba5 26. Be3 a6 27. Bf2
Nc3 28. Re3 Bb6 29. d4 Nxa2 30. Rfe1 Rd6 31. c3 Rc6 32. gxf6 gxf6 0-1